LEADER 01014nam0-2200349li-450 001 990000177010203316 005 20180312154738.0 010 $a0-13-947607-5 035 $a0017701 035 $aUSA010017701 035 $a(ALEPH)000017701USA01 035 $a0017701 100 $a20001109d1991----km-y0itay0103----ba 101 0 $aeng 102 $aUS 200 1 $aUnderwater acoustic system analysis$fWilliam S. Burdic 205 $a2nd ed 210 $aEnglewood Cliffs (N.J.)$cPrenticeHall$dcopyr. 1991 610 1 $aacustica subacquea 676 $a620.25$9. 700 1$aBurdic,$bWilliam S.$0492192 801 $aSistema bibliotecario di Ateneo dell' Universitą di Salerno$gRICA 912 $a990000177010203316 951 $a620.25 BUR$b0005213 959 $aBK 969 $aTEC 979 $c19940928 979 $c20001110$lUSA01$h1713 979 $c20020403$lUSA01$h1625 979 $aPATRY$b90$c20040406$lUSA01$h1613 996 $aUnderwater acoustic system analysis$9331465 997 $aUNISA LEADER 03204nam 2200637 450 001 9910787053903321 005 20231213013151.0 010 $a0-7391-9917-X 035 $a(CKB)3710000000248171 035 $a(EBL)1798288 035 $a(SSID)ssj0001467635 035 $a(PQKBManifestationID)11828850 035 $a(PQKBTitleCode)TC0001467635 035 $a(PQKBWorkID)11535845 035 $a(PQKB)11109895 035 $a(Au-PeEL)EBL1798288 035 $a(CaPaEBR)ebr11024211 035 $a(OCoLC)893202475 035 $a(MiAaPQ)EBC1798288 035 $a(EXLCZ)993710000000248171 100 $a20150310h20142014 uy 0 101 0 $aeng 135 $aur|n|---||||| 181 $ctxt 182 $cc 183 $acr 200 00$aCritical articulations of race, gender, and sexual orientation /$fedited by Sheena C. Howard 210 1$aLanham, [Maryland] :$cLexington Books,$d2014. 210 4$d©2014 215 $a1 online resource (297 p.) 300 $aDescription based upon print version of record. 311 $a0-7391-9918-8 311 $a0-7391-9916-1 320 $aIncludes bibliographical references at the end of each chapters and index. 327 $aContents; Acknowledgments; Introduction; "In Teaching Persona"; I: Queer Identity Matrix; Chapter 1: Coming In/Out of the Closet; Chapter 2: Divided Loyalties; Chapter 3: Young Black and Latino Gay Men's Experiences with Racial Microaggressions; Chapter 4: Organizing Foreignness; "The Origin of Coming Out"; II: Identity Formation; Chapter 5: Latinas in the United States; Chapter 6: Me and My Shadow(s); Chapter 7: Reliving Oppression; Chapter 8: Coming Out, Covering, Connecting; "What Truth?"; III: Mass Mediated Representations; Chapter 9: Trans*ing Priestly Performances 327 $aChapter 10: Marking My Black Feminist HeterosexismChapter 11: Heterosexual Masculinity, the Self, and Social Needs; Chapter 12: A Multimodal Critical Discourse Analysis (MCDA) of Race, Class, Gender, and Sexual Orientation within the YouTube-based "It Gets Better Project"; Chapter 13: "Don't Even Go There!"; Chapter 14: Friends of Batman (And Dorothy); Index; About the Contributors; About the Editor 330 $aThis collection features engaging scholarly essays and creative writings that examine the meaning of race, gender, and sexual orientation as interlocking systems of oppression. It provides a meaningful space to analyze identity and identity politics, highlighting the complexities of identity formation in the twenty-first century. 606 $aMinority gay men 606 $aMinority lesbians 606 $aSex discrimination 606 $aLesbians$xIdentity 606 $aGay people$xIdentity 615 0$aMinority gay men. 615 0$aMinority lesbians. 615 0$aSex discrimination. 615 0$aLesbians$xIdentity. 615 0$aGay people$xIdentity. 676 $a305.90664 702 $aHoward$b Sheena C. 801 0$bMiAaPQ 801 1$bMiAaPQ 801 2$bMiAaPQ 906 $aBOOK 912 $a9910787053903321 996 $aCritical articulations of race, gender, and sexual orientation$93733478 997 $aUNINA